Tri thức thế giới : Thế giới loài lông vũ
Saved in:
| Main Author: | |
|---|---|
| Format: | Book |
| Language: | Undetermined |
| Published: |
H.
VHTT
2003
|
| Subjects: | |
| Tags: |
Add Tag
No Tags, Be the first to tag this record!
|
| Institutions: | Trung tâm Học liệu Trường Đại học Cần Thơ |
|---|
| LEADER | 00501nam a2200193Ia 4500 | ||
|---|---|---|---|
| 001 | CTU_58768 | ||
| 008 | 210402s9999 xx 000 0 und d | ||
| 020 | |b 26000 | ||
| 082 | |a 001 | ||
| 082 | |b H600 | ||
| 100 | |a Lưu Văn Hy | ||
| 245 | 0 | |a Tri thức thế giới : Thế giới loài lông vũ | |
| 245 | 0 | |c Lưu Văn Hy | |
| 260 | |a H. | ||
| 260 | |b VHTT | ||
| 260 | |c 2003 | ||
| 650 | |a knowledge | ||
| 904 | |i Minh | ||
| 980 | |a Trung tâm Học liệu Trường Đại học Cần Thơ | ||